000 00694nam a2200289Ia 4500
005 20260324133029.0
008 008 260324s9999 xx 000 0 eng d
020 _a9780203323571
037 _aEBOOK
040 _aCRL
040 _beng
040 _cCRL
041 _2eng
041 _aeng
084 _qCRL
100 _aBrian A Belton
_91191536
245 0 _aGypsy and Traveller Ethnicity
245 4 _bThe Social Generation of an Ethnic Phenomenon
260 _bTaylor and Francis
260 _c2004
365 _a
365 _b145
856 _uhttp://www.taylorfrancis.com/books/9780203323571
942 _cEBOOK
999 _c1790198
_d1790198